Lipoproteins and coronary heart disease : new aspects in the diagnosis and therapy of disorders of lipid metabolism : International Symposium, Vienna, May 12-13, 1979

Αποθηκεύτηκε σε:
Λεπτομέρειες βιβλιογραφικής εγγραφής
Συγγραφή απο Οργανισμό/Αρχή: International Symposium "Lipoproteins and coronary heart disease" : Vienna
Άλλοι συγγραφείς: Greten H. (Heiner) (Επιμελητής έκδοσης), Lang, P. D. (Επιμελητής έκδοσης), Schettler, Gotthard (Επιμελητής έκδοσης)
Μορφή: Πρακτικό Συνεδρίου Βιβλίο
Γλώσσα:English
Δημοσίευση: New York : G. Witzstrock, 1980
Θέματα:
Ετικέτες: Προσθήκη ετικέτας
Δεν υπάρχουν, Καταχωρήστε ετικέτα πρώτοι!

MARC

LEADER 00000cam a2200000 i 4500
001 1/6286
008 000612s1980 eng d
020 |a 3-87921-133-7 
035 |l 10061879 
040 |a GR-MY-UA  |b gre  |e aacr 
041 0 |a eng 
082 0 |a 612.398 
111 2 |a International Symposium "Lipoproteins and coronary heart disease"  |d (1979  |c : Vienna) 
245 1 0 |a Lipoproteins and coronary heart disease :  |b new aspects in the diagnosis and therapy of disorders of lipid metabolism : International Symposium, Vienna, May 12-13, 1979 /  |c editors, H. Greten, P.D. Lang, G. Schettler 
260 |a New York :   |b G. Witzstrock,   |c 1980 
300 |a 203 p.  |b fig., tabl. 
504 |a Includes bibliographiecal references and index 
650 0 0 |a Clofibrate  |x Congresses. 
650 0 0 |a Clofibrate  |x Therapeutic use  |x Congresses. 
650 0 0 |a Hyperlipidemia  |x Diagnosis  |x Congresses. 
650 0 0 |a Hyperlipidemia  |x Drug therapy  |x Congresses. 
650 0 0 |a Lipoproteins  |x Metabolism  |x Congresses. 
700 1 |a Greten H.   |q (Heiner)  |4 edt 
700 1 |a Lang, P. D.  |4 edt 
700 1 |a Schettler, Gotthard.  |4 edt 
852 |a INST  |b LESVOS  |e 20000612  |h 612.398 ΙΝΤ  |p 005100020812  |q 005100020812  |t BK  |y 0 
901 |a BIBL1-2000-2 
909 |a Λ  |b 072977 
970 |z 2000/06/ΜΠΡΑΤΤΗΣ